CIBSE Commissioning code W: Water distribution systems (Record no. 105109)

MARC details
000 -LEADER
fixed length control field 00328cam a2200133 4500
001 - CONTROL NUMBER
control field L132368
008 - FIXED-LENGTH DATA ELEMENTS--GENERAL INFORMATION
fixed length control field 060125n2003 000 0 eng u
020 ## - INTERNATIONAL STANDARD BOOK NUMBER
International Standard Book Number 1903287391
035 ## - SYSTEM CONTROL NUMBER
System control number (Sirsi) u132368
245 ## - TITLE STATEMENT
Title CIBSE Commissioning code W: Water distribution systems
260 ## - PUBLICATION, DISTRIBUTION, ETC.
Place of publication, distribution, etc. CIBSE
Date of publication, distribution, etc. 2003
350 ## - PRICE (NR) (BK AM CF MU VM SE) [OBSOLETE]
Price 43.00
942 ## - ADDED ENTRY ELEMENTS (KOHA)
Suppress in OPAC 0

No items available.